000 00508nab a2200157Ia 4500
003 ES-SlBCS
005 20210601124315.0
008 140529s1985 xxu||||| |||| 00| 0 eng d
041 _aeng
100 1 _aRiegle, Rodney P.
_9139490
245 0 0 _aAnonymity in the Academy: The Case of Faculty Evaluation
_c Rodney P. Riegle, Dent M. Rhodes
650 0 4 _aEvaluación
_9136975
700 1 _aRhodes, Dent M.
_9139491
773 0 _tEducational Theory
_gvol. 35, nº. 3, 1985, págs. 299-306
_wRev1399
942 _cAR
999 _c512664
_d512664